| 000 | 00793nam a2200253Ia 4500 | ||
|---|---|---|---|
| 003 | OSt | ||
| 005 | 20220918172038.0 | ||
| 006 | a|||||r|||| 00| 0 | ||
| 007 | ta | ||
| 008 | 220917b |||||||| |||| 00| 0 eng d | ||
| 020 |
_a9789042038844 (pbk) _c4036.48 |
||
| 024 | _a289,712 | ||
| 037 |
_b112, 19/03/2016, Mallika Books _cTextual |
||
| 040 |
_aARTS _cARTS _beng |
||
| 041 |
_2eng _aeng |
||
| 082 | _aO164,3:g, 111Q1 | ||
| 100 |
_aAzadibougar Omid _939901 |
||
| 245 | 0 |
_aPersian novel _b Ideology, fiction and form in the periphery |
|
| 260 |
_aNew York _bRodopi U.S.A. _c2014 |
||
| 300 |
_ax, 240p. _ccm. |
||
| 650 |
_aPERSIAN LITERATURE _9309 |
||
| 942 |
_hO164,3:g, 111Q1 _cTEXL _2CC |
||
| 999 |
_c142315 _d142315 |
||